[Event "beto_dTona"]
[Site "http://www.queenalice.com/game.php?id=1589964"]
[Date "2019.11.14"]
[Round "-"]
[White "cevil01"]
[Black "zubarev"]
[Result "1-0"]
[WhiteElo "2198"]
[BlackElo "1861"]

1. e4 e5 2. Bc4 Be7 3. Nf3 d6 4. c3 Nf6 5. d3 O-O 6. h3 Nc6 7. Be3 Be6 8. Bxe6
fxe6 9. Ng5 Qd7 10. Qb3 Na5 11. Qxe6+ Qxe6 12. Nxe6 Rfc8 13. Ng5 b6 14. O-O Ne8
15. Nd2 Bf6 16. f4 Bxg5 17. fxg5 Nb7 18. Rf3 Nc5 19. Raf1 Nd7 20. Rf7 Rd8 21. b4
a6 22. Re7 1-0

[Event "Mousehead2000"]
[Site "http://www.queenalice.com/game.php?id=1589969"]
[Date "2019.11.14"]
[Round "-"]
[White "cevil01"]
[Black "zubarev"]
[Result "1-0"]
[WhiteElo "2202"]
[BlackElo "1831"]

1. e4 e5 2. Nf3 Nc6 3. Bb5 d6 4. c3 Bd7 5. d4 exd4 6. cxd4 Be7 7. Nc3 Nf6 8. O-O
O-O 9. Be3 Bg4 10. a3 a6 11. Be2 Qd7 12. d5 Ne5 13. Nxe5 dxe5 14. f3 Bh5 15. Rc1
Rad8 16. Rc2 Bd6 17. Bg5 Be7 18. f4 Bxe2 19. Qxe2 exf4 20. Bxf4 Ne8 21. Rfc1 Bf6
22. Nd1 g6 23. e5 Bg7 24. e6 fxe6 25. dxe6 Qe7 26. Bxc7 Nxc7 27. Rxc7 Bd4+ 28.
Kh1 Qf6 29. Nc3 Rde8 30. e7 Rf7 31. Nd5 Qd6 32. Rc8 Qd7 33. Rxe8+ Qxe8 34. Rc8
Qxc8 35. e8=Q+ Qxe8 36. Qxe8+ Rf8 37. Qe6+ Kg7 38. g3 Re8 39. Qxe8 Bg1 40. Qe7+
Kh6 41. h4 Be3 42. Nf6 1-0

[Event "Let's Play Chess!"]
[Site "http://www.queenalice.com/game.php?id=1589982"]
[Date "2019.11.14"]
[Round "-"]
[White "cevil01"]
[Black "paolop69"]
[Result "1-0"]
[WhiteElo "2200"]
[BlackElo "1705"]

1. e4 e5 2. Nf3 d6 3. Bc4 h6 4. d4 Nc6 5. dxe5 Nxe5 6. Nxe5 dxe5 7. Bxf7+ Ke7 8.
Qxd8+ Kxd8 9. Be3 Nf6 10. Nd2 Bb4 11. O-O-O Rf8 12. Bb3 Bd7 13. f3 Ke8 14. Nc4
Bd6 15. Nxd6+ cxd6 16. Rxd6 Ke7 17. Rhd1 Rfd8 18. g4 g5 19. Bc5 Ne8 20. Rxd7+
Kf6 21. Rxd8 Rxd8 22. Rxd8 Nc7 23. Rf8+ Kg6 24. Bxa7 Nb5 25. Bb8 Nd4 26. Bxe5
Nxb3+ 27. axb3 b5 28. c4 1-0

[Event "Let's Play Chess!"]
[Site "http://www.queenalice.com/game.php?id=1591247"]
[Date "2019.11.27"]
[Round "-"]
[White "charles31"]
[Black "cevil01"]
[Result "0-1"]
[WhiteElo "1804"]
[BlackElo "2204"]

1. d4 Nf6 2. Nc3 d5 3. h3 Bf5 4. Nf3 e6 5. Bg5 Be7 6. e3 Nbd7 7. g4 Bg6 8. Ne5
a6 9. Bd3 c5 10. dxc5 Nxe5 11. Bxg6 hxg6 12. f4 Nexg4 13. Qf3 Nh6 14. O-O-O Bxc5
15. Na4 Rc8 16. Rd3 b5 17. Nxc5 Rxc5 18. Rhd1 Qc7 19. e4 Rxc2+ 20. Kb1 O-O 21.
Bxf6 gxf6 22. h4 dxe4 23. Qxe4 Rh2 24. Rd7 Qc4 25. Qxc4 bxc4 26. Rc7 Rb8 0-1

[Event "Challenge"]
[Site "http://www.queenalice.com/game.php?id=1591629"]
[Date "2019.11.30"]
[Round "-"]
[White "cevil01"]
[Black "rafaelp"]
[Result "1-0"]
[WhiteElo "2212"]
[BlackElo "2106"]

1. e4 e5 2. Nf3 Nc6 3. Nc3 Nf6 4. Bc4 h6 5. d4 exd4 6. Nxd4 Bb4 7. Qd3 d6 8.
Nxc6 Bxc3+ 9. Qxc3 bxc6 10. Bd3 Bb7 11. O-O O-O 12. b3 Re8 13. Bb2 c5 14. Rae1
a5 15. f4 Qe7 16. e5 Nd5 17. Qd2 dxe5 18. fxe5 Nb4 19. Bc4 Rf8 20. a3 Nc6 21.
Rf2 Bc8 22. Qf4 Be6 23. Bd3 Qg5 24. Qe4 Ne7 25. Qh7# 1-0

[Event "Let's Play Chess!"]
[Site "http://www.queenalice.com/game.php?id=1591633"]
[Date "2019.11.30"]
[Round "-"]
[White "cevil01"]
[Black "alterego"]
[Result "1-0"]
[WhiteElo "2170"]
[BlackElo "1668"]

1. Nf3 d5 2. d4 Nf6 3. Nc3 g6 4. Bg5 Bg7 5. e3 O-O 6. Be2 Nc6 7. O-O Bf5 8. Bb5
Qd6 9. h3 a6 10. Ba4 Qb4 11. Bb3 Qd6 12. Bxf6 Bxf6 13. Nxd5 Bg7 14. c4 e6 15.
Nc3 Nb4 16. e4 Bxh3 17. gxh3 f6 18. a3 Nc6 19. d5 exd5 20. Nxd5 Rf7 21. Rb1 Ne5
22. Qe2 c6 23. Ne3 c5 24. Rbd1 Qb6 25. Ba2 Qe6 26. Rd5 Qxh3 27. Nxe5 fxe5 28.
Qg4 Qxg4+ 29. Nxg4 Re8 30. Rxc5 Rf4 31. f3 b6 32. Rc7 Bf8 33. c5+ Kh8 34. c6 Bd6
35. Rd7 Bc5+ 36. Kg2 h5 37. Nh6 Rf6 38. c7 Bd6 39. Nf7+ Rxf7 40. Rxf7 Rc8 41.
Rd1 Bxc7 42. Rdd7 Bb8 43. Rh7# 1-0

[Event "Let's Play Chess!"]
[Site "http://www.queenalice.com/game.php?id=1591634"]
[Date "2019.11.30"]
[Round "-"]
[White "E5150"]
[Black "cevil01"]
[Result "1-0"]
[WhiteElo "2343"]
[BlackElo "2205"]

1. d4 d5 2. c4 Nf6 3. cxd5 Nxd5 4. Nf3 Bg4 5. Ne5 Bh5 6. Qb3 Nb6 7. g4 Qxd4 8.
f4 Qe4 9. gxh5 Qxh1 10. Qxf7+ Kd8 11. Nc3 N8d7 12. Nf3 Nf6 13. Be3 c6 14. O-O-O+
Kc7 15. Bh3 Qxd1+ 16. Nxd1 Nbd5 17. Qe6 b6 18. Nd4 Rd8 19. Nxc6 Rd6 20. Qc8# 1-0

[Event "Let's Play Chess!"]
[Site "http://www.queenalice.com/game.php?id=1591635"]
[Date "2019.12.3"]
[Round "-"]
[White "E5150"]
[Black "cevil01"]
[Result "1-0"]
[WhiteElo "2352"]
[BlackElo "2197"]

1. g3 d5 2. Nf3 Nc6 3. d4 f6 4. Bg2 Bg4 5. h3 Bh5 6. O-O e5 7. dxe5 fxe5 8. c4
Nf6 9. cxd5 Qxd5 10. Nc3 Qxd1 11. Rxd1 Bd6 12. g4 Bg6 13. Be3 O-O-O 14. Nb5 Rhe8
15. Nxd6+ cxd6 16. Nh4 a6 17. Bb6 Rd7 18. g5 Nh5 19. Nxg6 hxg6 20. e3 e4 21. h4
Ne7 22. Bxe4 Nf5 23. Rac1+ Kb8 24. Bd5 Nxh4 25. Rc4 Nf5 26. Rdc1 Ne7 27. Be6
Rdd8 28. Bc7+ Ka7 29. Bxd8 Rxd8 30. Rc7 Nc6 31. R1xc6 1-0

[Event "Let's Play Chess!"]
[Site "http://www.queenalice.com/game.php?id=1591636"]
[Date "2019.12.2"]
[Round "-"]
[White "sasquatico"]
[Black "cevil01"]
[Result "1/2-1/2"]
[WhiteElo "1880"]
[BlackElo "2190"]

1. e4 e5 2. Nf3 Nc6 3. d4 exd4 4. Nxd4 Bc5 5. Nxc6 Qf6 6. f3 dxc6 7. Nc3 Bd7 8.
h4 Qg6 9. Bf4 O-O-O 10. h5 Qf6 11. g3 Bb4 12. Bd2 Ne7 13. a3 Bxc3 14. Bxc3 Qg5
15. g4 f6 16. Qd2 Qxd2+ 17. Bxd2 Rhe8 18. h6 g6 19. O-O-O f5 20. exf5 gxf5 21.
g5 Ng6 22. Bd3 Be6 23. Rde1 c5 24. b3 c6 25. f4 Kc7 26. Be2 Rd7 27. Bh5 Bf7 28.
Rxe8 Bxe8 29. Re1 Bf7 30. Bxg6 Bxg6 31. Bc3 b5 32. Be5+ Kb6 33. Rd1 Rxd1+ 34.
Kxd1 c4 35. b4 c5 36. c3 cxb4 37. axb4 a5 38. Bd4+ Ka6 39. bxa5 Kxa5 40. Bc5 Ka6
41. Kd2 Kb7 42. Ke3 Kc6 43. Kd4 Bf7 44. Bf8 Bg6 45. Be7 1/2-1/2

[Event "AUTO-MASTER-2856"]
[Site "http://www.queenalice.com/game.php?id=1592736"]
[Date "2019.12.11"]
[Round "2"]
[White "RJGF"]
[Black "cevil01"]
[Result "0-1"]
[WhiteElo "2214"]
[BlackElo "2184"]

1. d4 Nf6 2. c4 d5 3. Nc3 Bf5 4. cxd5 Nxd5 5. Nf3 e6 6. e3 Bb4 7. Bd2 Nc6 8. a3
Bxc3 9. bxc3 O-O 10. c4 Nde7 11. Bc3 h6 12. h3 g5 13. Bd3 Bxd3 14. Qxd3 b6 15.
e4 f6 16. O-O Qe8 17. d5 exd5 18. exd5 Rd8 19. Rfe1 Qf7 20. Re6 Qxe6 21. Qf1
Nxd5 22. cxd5 Qxd5 23. Re1 Qd3 24. Qxd3 Rxd3 25. Bb2 Na5 26. Re7 Rf7 27. Re8+
Kh7 28. Re6 Kg6 29. Ne5+ Kf5 30. Rxf6+ Rxf6 31. Nxd3 Rd6 32. Nb4 c5 33. Nc2 Nc4
34. Bc3 a6 35. g4+ Kg6 36. a4 Rd1+ 37. Kg2 Rc1 0-1

[Event "AUTO-MASTER-2856"]
[Site "http://www.queenalice.com/game.php?id=1592737"]
[Date "2019.12.11"]
[Round "2"]
[White "cevil01"]
[Black "RJGF"]
[Result "1-0"]
[WhiteElo "2200"]
[BlackElo "2198"]

1. e4 e5 2. Nf3 Nc6 3. Bc4 Nd4 4. Nxd4 exd4 5. d3 c5 6. Bf4 b5 7. Bd5 Qa5+ 8.
Bd2 Qc7 9. Bxa8 c4 10. Bd5 Nf6 11. dxc4 bxc4 12. Bg5 Nxd5 13. exd5 Qa5+ 14. Nd2
Qxd5 15. Qe2+ Qe6 16. Qxe6+ dxe6 17. Nxc4 f6 18. Bh4 Bb4+ 19. Nd2 g5 20. Bg3 f5
21. Be5 Bxd2+ 22. Kxd2 O-O 23. h4 g4 24. Bxd4 Rd8 25. Ke3 Bb7 26. f3 f4+ 27.
Kxf4 Rxd4+ 28. Ke5 Rd2 29. fxg4 Rxg2 30. Rhg1 Rxc2 31. Kxe6 Rxb2 32. a4 a5 33.
Rgc1 Rb4 34. Rc7 Bf3 35. Ra7 Bxg4+ 36. Kf6 h5 37. Re1 Rf4+ 38. Kg6 Rf8 39. Ree7
Bf5+ 40. Kxh5 Kh8 41. Rxa5 Bc2 42. Raa7 Rf5+ 43. Kg4 Rf8 44. a5 Rg8+ 45. Kf4
Rf8+ 46. Rf7 Rc8 47. Rac7 Ra8 48. Rxc2 Rb8 49. a6 Rb4+ 50. Ke5 Rb5+ 51. Kd4 Rb8
52. a7 1-0

[Event "AUTO-MASTER-2856"]
[Site "http://www.queenalice.com/game.php?id=1592738"]
[Date "2019.12.11"]
[Round "2"]
[White "CCapivara"]
[Black "cevil01"]
[Result "1-0"]
[WhiteElo "2198"]
[BlackElo "2181"]

1. e4 e5 2. f4 Nc6 3. Nf3 Nf6 4. Nc3 Bb4 5. fxe5 Bxc3 6. exf6 Bxf6 7. Bc4 d6 8.
d4 Bg4 9. c3 Qe7 10. O-O O-O 11. Qd3 a6 12. Bb3 Qd7 13. Bg5 Bxf3 14. Bxf6 Bh5
15. Qg3 Bg6 16. Bg5 Bxe4 17. h4 Bg6 18. Rf4 d5 19. Raf1 Rae8 20. Bh6 Re4 21.
Rxe4 dxe4 22. h5 Na5 23. hxg6 gxh6 24. gxf7+ Kh8 25. Qg8+ Rxg8 26. fxg8=Q# 1-0

[Event "AUTO-MASTER-2856"]
[Site "http://www.queenalice.com/game.php?id=1592739"]
[Date "2019.12.11"]
[Round "2"]
[White "cevil01"]
[Black "CCapivara"]
[Result "1-0"]
[WhiteElo "2171"]
[BlackElo "2208"]

1. e4 d6 2. d4 Nf6 3. Nc3 c6 4. Bg5 Nbd7 5. Bd3 e5 6. dxe5 dxe5 7. Nge2 Be7 8.
O-O O-O 9. Ng3 Nc5 10. Qe2 Ne6 11. Be3 Nf4 12. Qd2 Nxd3 13. cxd3 Ng4 14. f4 Nxe3
15. Qxe3 Qa5 16. Kh1 exf4 17. Qxf4 Be6 18. Nf5 Bxf5 19. Qxf5 Qb4 20. Rf2 Rad8
21. Rd1 Rd6 22. a3 Qd4 23. e5 Re6 24. Re1 b5 25. Rf4 Qb6 26. d4 b4 27. d5 bxc3
28. dxe6 cxb2 29. exf7+ Kh8 30. e6 h6 31. g4 c5 32. g5 Qc6+ 33. Kg1 c4 34. gxh6
Bc5+ 35. Rf2 Bxf2+ 36. Kxf2 gxh6 37. e7 Qb6+ 38. Re3 1-0

[Event "Challenge"]
[Site "http://www.queenalice.com/game.php?id=1595097"]
[Date "2020.1.3"]
[Round "-"]
[White "cristal_negro"]
[Black "cevil01"]
[Result "0-1"]
[WhiteElo "1893"]
[BlackElo "2197"]

1. e4 e5 2. Nc3 Nf6 3. Nf3 Nc6 4. d4 Bb4 5. Bg5 h6 6. Bxf6 Qxf6 7. Be2 exd4 8.
a3 Ba5 9. O-O dxc3 10. bxc3 Bxc3 11. Rb1 b6 12. Qd5 O-O 13. Rfd1 Qe6 14. Qd3 Bf6
15. c4 d6 16. g3 Bb7 17. Bf1 Ne5 18. Nxe5 Qxe5 19. Bg2 Rae8 20. f3 g5 21. a4 a5
22. Kh1 Bg7 23. Qc2 f5 24. Re1 fxe4 25. fxe4 Rf7 26. Rb5 Qe7 27. Rbb1 Bd4 28.
Re2 Ref8 29. g4 Qe5 30. Qd3 Rf2 31. Rd1 Rxe2 32. Qxe2 Rf2 33. Qd3 Rxg2 34. Qh3
Bxe4 0-1

[Event "Challenge"]
[Site "http://www.queenalice.com/game.php?id=1595326"]
[Date "2020.1.6"]
[Round "-"]
[White "cevil01"]
[Black "cristal_negro"]
[Result "0-1"]
[WhiteElo "2221"]
[BlackElo "1882"]

1. d4 d5 2. Nf3 e6 3. Bf4 Be7 4. Nbd2 Nf6 5. e3 Nh5 6. Bg3 Nxg3 7. hxg3 Nc6 8.
c4 a6 9. cxd5 exd5 10. Qa4 O-O 11. Bd3 Bd7 12. Bxh7+ Kh8 13. Qb3 g6 14. Qxd5 Kg7
15. Bxg6 fxg6 16. O-O-O Nb4 17. Qb3 Bc6 18. e4 Bb5 19. Qe3 Bd3 20. Qh6+ Kf7 21.
Ne5+ Ke6 22. Qxg6+ Rf6 23. Qg4+ Kd6 24. Ndc4+ Bxc4 25. Nxc4+ Kc6 26. e5 Rxf2 27.
Rh6+ Kb5 28. Na3+ Ka5 29. Kb1 Qd5 30. Qe6 Qxg2 31. Qb3 b5 32. d5 Qe4+ 33. Ka1
Bc5 34. Rh4 Qe2 35. e6 Rf3 36. Rh2 Bf2 37. Qxf3 Qxf3 38. Rf1 Rf8 39. e7 Qxa3 40.
bxa3 Bd4+ 41. Kb1 Rxf1# 0-1

[Event "AUTO-OPEN-4058"]
[Site "http://www.queenalice.com/game.php?id=1595662"]
[Date "2020.1.8"]
[Round "2"]
[White "cevil01"]
[Black "Poison"]
[Result "0-1"]
[WhiteElo "2224"]
[BlackElo "2755"]

1. e4 c5 2. Nf3 d6 3. Bc4 Nf6 4. Nc3 e6 5. d4 cxd4 6. Nxd4 Be7 7. O-O O-O 8. h3
Qc7 9. Bb3 a6 10. Be3 Nc6 11. Nf3 b5 12. a3 Bb7 13. Qe2 Na5 14. Rac1 Nxe4 15.
Nxe4 Bxe4 16. Ba2 Qb7 17. b4 Nc4 18. Bxc4 bxc4 19. Ne1 Rfc8 20. c3 a5 21. f3 Bg6
22. Qd2 axb4 23. axb4 Ra3 24. f4 Rca8 25. g4 Ra2 26. Nc2 Bd3 27. Rf2 Bh4 28. Rg2
Qe4 0-1

[Event "AUTO-OPEN-4058"]
[Site "http://www.queenalice.com/game.php?id=1595663"]
[Date "2020.1.8"]
[Round "2"]
[White "Poison"]
[Black "cevil01"]
[Result "1-0"]
[WhiteElo "2744"]
[BlackElo "2225"]

1. e4 e5 2. Nf3 Nc6 3. Bc4 Be7 4. d4 exd4 5. O-O d6 6. Nxd4 Bd7 7. Nxc6 Bxc6 8.
Qh5 g6 9. Qe2 Nf6 10. Bh6 a6 11. e5 dxe5 12. Qxe5 Rg8 13. Re1 Qd6 14. Qxd6 cxd6
15. Bg5 Kd7 16. Nc3 d5 17. Rxe7+ Kxe7 18. Bxd5 Bxd5 19. Nxd5+ Ke6 20. Nxf6 Rgc8
21. Re1+ Kf5 22. f4 Rc5 23. g4# 1-0

[Event "AUTO-OPEN-4069"]
[Site "http://www.queenalice.com/game.php?id=1596808"]
[Date "2020.1.20"]
[Round "2"]
[White "CCapivara"]
[Black "cevil01"]
[Result "0-1"]
[WhiteElo "2225"]
[BlackElo "2214"]

1. e4 e5 2. Nf3 Nc6 3. Bc4 Be7 4. O-O Nf6 5. d3 O-O 6. c3 d5 7. exd5 Nxd5 8. Re1
Nb6 9. Bb3 Bg4 10. Be3 Bxf3 11. gxf3 Nd5 12. d4 Nxe3 13. fxe3 Qd7 14. Nd2 exd4
15. cxd4 Rad8 16. Qe2 Bh4 17. Rf1 Nxd4 18. exd4 Qxd4+ 19. Kh1 Qxd2 20. Qe4 Bf6
21. Qxb7 Qf4 22. Qxa7 Rd2 23. Qg1 Be5 24. Rf2 Bd4 25. Raf1 Re8 0-1

[Event "AUTO-OPEN-4069"]
[Site "http://www.queenalice.com/game.php?id=1596809"]
[Date "2020.1.20"]
[Round "2"]
[White "cevil01"]
[Black "CCapivara"]
[Result "1/2-1/2"]
[WhiteElo "2226"]
[BlackElo "2206"]

1. e4 d6 2. d4 Nf6 3. Nc3 c6 4. Nf3 Bg4 5. Be2 Nbd7 6. Bf4 Qa5 7. O-O e5 8. dxe5
dxe5 9. Bg3 Bb4 10. Qd3 Nc5 11. Qe3 Bxc3 12. Qxc3 Qxc3 13. bxc3 Nfxe4 14. Bxe5
O-O 15. Bd4 Ne6 16. Bd3 Bxf3 17. gxf3 Nd2 18. Rfd1 Nxd4 19. cxd4 Nxf3+ 20. Kg2
Nxd4 21. Bxh7+ Kxh7 22. Rxd4 Rad8 23. Rad1 Rxd4 24. Rxd4 Kg6 25. Rd7 Rb8 26. f4
a5 27. c4 f6 28. a4 b5 29. cxb5 cxb5 30. axb5 Rxb5 31. Kg3 a4 32. Ra7 Rb3+ 33.
Kh4 a3 34. h3 Kh6 35. Kg4 g6 36. Ra4 Rc3 37. f5 gxf5+ 38. Kxf5 Rf3+ 39. Kg4 Rb3
40. Kf5 Rf3+ 1/2-1/2

[Event "AUTO-OPEN-4069"]
[Site "http://www.queenalice.com/game.php?id=1596812"]
[Date "2020.1.20"]
[Round "2"]
[White "Poison"]
[Black "cevil01"]
[Result "1-0"]
[WhiteElo "2757"]
[BlackElo "2222"]

1. e4 e5 2. Nf3 Nc6 3. Bc4 Be7 4. d4 exd4 5. Nxd4 Nxd4 6. Qxd4 Bf6 7. e5 Qe7 8.
f4 d6 9. O-O dxe5 10. fxe5 Qxe5 11. Bxf7+ Ke7 12. Qxe5+ Bxe5 13. Bb3 Nf6 14. Re1
Kd6 15. Na3 Bd4+ 16. Be3 Bxb2 17. Rad1+ Kc6 18. Ba4+ b5 19. Nxb5 1-0

[Event "AUTO-OPEN-4069"]
[Site "http://www.queenalice.com/game.php?id=1596813"]
[Date "2020.1.20"]
[Round "2"]
[White "cevil01"]
[Black "Poison"]
[Result "0-1"]
[WhiteElo "2223"]
[BlackElo "2756"]

1. e4 c5 2. Nf3 d6 3. d4 cxd4 4. Qxd4 Nc6 5. Bb5 Bd7 6. Qe3 Nf6 7. Nc3 a6 8. Bd3
e6 9. h3 Be7 10. Bd2 O-O 11. O-O Qc7 12. a3 Ne5 13. Nxe5 dxe5 14. Rad1 Rfd8 15.
Na2 Ba4 16. Rc1 Nh5 17. Qf3 Nf4 18. Kh2 Rd7 19. Bxf4 exf4 0-1